The family life cycle in European societies = Le cycle de la vie familiale dans les societes europeennes
Αποθηκεύτηκε σε:
| Άλλοι συγγραφείς: | |
|---|---|
| Μορφή: | Βιβλίο |
| Γλώσσα: | English French |
| Δημοσίευση: |
Hague :
Mouton,
1977.
|
| Σειρά: | New Babylon, studies in the social sciences ;
28. |
| Θέματα: | |
| Ετικέτες: |
Προσθήκη ετικέτας
Δεν υπάρχουν, Καταχωρήστε ετικέτα πρώτοι!
|
MARC
| LEADER | 00000cam a2200000 i 4500 | ||
|---|---|---|---|
| 001 | 1/81047 | ||
| 008 | 970509s1977####ne | | ||| |||| ||eng|| | ||
| 020 | |a 9027978220 | ||
| 035 | |l 10005215 | ||
| 040 | |a GR-MY-UA |b gre |e aacr | ||
| 041 | 0 | |a eng |a fre | |
| 082 | 0 | |a 306.85094 | |
| 245 | 1 | 4 | |a The family life cycle in European societies = |b Le cycle de la vie familiale dans les societes europeennes / |c Edited by Jean Cuisenier ; With the assistance of/assiste de Martine Segalen. |
| 246 | 1 | |i Παράλληλος τίτλος: |a Le cycle de la vie familiale dans les societes europeennes | |
| 260 | |a Hague : |b Mouton, |c 1977. | ||
| 300 | |a xvi, 494 σ. ; |c 24 εκ. | ||
| 490 | 1 | |a New Babylon, studies in the social sciences |v ; 28 | |
| 504 | |a Includes bibliographical references. | ||
| 650 | 0 | 0 | |a Family |z Europe |x Congresses. |
| 650 | 0 | 0 | |a Family |x Research |x Congresses. |
| 700 | 1 | |a Cuisenier, Jean |d 1927- | |
| 830 | 0 | |a New Babylon, studies in the social sciences ; |v 28. | |
| 852 | |a INST |b LESVOS |e 19970509 |h 306.85094 FAM |p 005100011309 |q 005100011309 |t BK |y 0 | ||
| 909 | |a Λ |b 007048 | ||